Salonica, city of ghosts : Christians, Muslims, and Jews, 1430-1950 /
| Hovedforfatter: | |
|---|---|
| Format: | Bog |
| Sprog: | English |
| Udgivet: |
New York :
Alfred A. Knopf,
c2004 [2006].
|
| Udgivelse: | 1st Vintage books ed. |
| Fag: | |
| Online adgang: | Contributor biographical information Publisher description Sample text |
| Classic Catalogue: | View this record in Classic Catalogue |
| LEADER | 01470nam a2200337 a 4500 | ||
|---|---|---|---|
| 001 | 28844 | ||
| 003 | BD-DhAAL | ||
| 005 | 20150124121709.0 | ||
| 008 | 150124r20062004nyuabf b 001 0 eng | ||
| 010 | |a 2004057690 | ||
| 020 | |a 0375412980 | ||
| 020 | |a 0375727388 | ||
| 020 | |a 9780375727382 | ||
| 040 | |a DLC |c DLC |d DLC |d BD-DhAAL | ||
| 050 | 0 | 0 | |a DF951.T45 |b M39 2005 |
| 082 | 0 | 0 | |a 949.5/65 |2 22 |
| 100 | 1 | |a Mazower, Mark. |9 7417 | |
| 245 | 1 | 0 | |a Salonica, city of ghosts : |b Christians, Muslims, and Jews, 1430-1950 / |c Mark Mazower. |
| 250 | |a 1st Vintage books ed. | ||
| 260 | |a New York : |b Alfred A. Knopf, |c c2004 [2006]. | ||
| 300 | |a xv, 490 p., [32] p. of plates : |b ill. (some col.), maps ; |c 22 cm. | ||
| 500 | |a Originally published: London : HarperCollins, 2004. | ||
| 504 | |a Includes bibliographical references (p. 441-468) and index. | ||
| 541 | |e 28844 | ||
| 651 | 0 | |a Thessalonikē (Greece) |x History. |9 7418 | |
| 856 | 4 | 2 | |3 Contributor biographical information |u http://www.loc.gov/catdir/enhancements/fy0618/2004057690-b.html |
| 856 | 4 | 2 | |3 Publisher description |u http://www.loc.gov/catdir/enhancements/fy0618/2004057690-d.html |
| 856 | 4 | 1 | |3 Sample text |u http://www.loc.gov/catdir/enhancements/fy0618/2004057690-s.html |
| 942 | |2 ddc |c BK | ||
| 999 | |c 33492 |d 33492 | ||
| 952 | |0 0 |1 0 |2 ddc |4 0 |6 949_565000000000000_MAZ |7 0 |9 50320 |a BRACUL |b BRACUL |c GEN |d 2015-01-24 |e Riza Enterprise |g 2135.00 |l 6 |m 34 |o 949.565 MAZ |p 3010028844 |r 2025-11-08 |s 2025-05-22 |t 1 |w 2015-01-24 |y BK | ||